Should this structure have been underpinned? - reflection after a quarter of a century (Record no. 118234)
[ view plain ]
| 000 -LEADER | |
|---|---|
| fixed length control field | 00940cam a2200217 4500 |
| 001 - CONTROL NUMBER | |
| control field | ABS68303 |
| 008 - FIXED-LENGTH DATA ELEMENTS--GENERAL INFORMATION | |
| fixed length control field | 041027n2004 000 0 eng u |
| 035 ## - SYSTEM CONTROL NUMBER | |
| System control number | (Sirsi) u127835 |
| 100 ## - MAIN ENTRY--PERSONAL NAME | |
| Personal name | Wynn, P. |
| 245 ## - TITLE STATEMENT | |
| Title | Should this structure have been underpinned? - reflection after a quarter of a century |
| 260 ## - PUBLICATION, DISTRIBUTION, ETC. | |
| Date of publication, distribution, etc. | 2004 |
| 490 ## - SERIES STATEMENT | |
| Series statement | Structural Survey |
| Volume/sequential designation | 22(4) 2004, 190-193(4) |
| 520 ## - SUMMARY, ETC. | |
| Summary, etc. | A case study of a domestic structure that suffered damage as a result of foundation movement in the 1970s is examined. Conclusions and recommendations made at the time are revisited in the light of limitations of the original site investigation and subsequent performance of the structure. Diagrams and references. [Taken from journal abstract]. |
| 590 ## - LOCAL NOTE (RLIN) | |
| Local note | ABS |
| 590 ## - LOCAL NOTE (RLIN) | |
| Local note | ABS |
| 650 ## - SUBJECT ADDED ENTRY--TOPICAL TERM | |
| Topical term or geographic name entry element | UNDERPINNING |
| 650 ## - SUBJECT ADDED ENTRY--TOPICAL TERM | |
| Topical term or geographic name entry element | FOUNDATIONS |
| 650 ## - SUBJECT ADDED ENTRY--TOPICAL TERM | |
| Topical term or geographic name entry element | SUBSIDENCE |
| 690 ## - LOCAL SUBJECT ADDED ENTRY--TOPICAL TERM (OCLC, RLIN) | |
| Topical term or geographic name as entry element | BUILDING AND CONSTRUCTION-REPAIRS AND MAINTENANCE |
| 942 ## - ADDED ENTRY ELEMENTS (KOHA) | |
| Suppress in OPAC | 0 |
| Withdrawn status | Lost status | Source of classification or shelving scheme | Damaged status | Not for loan | Home library | Current library | Shelving location | Date acquired | Total Checkouts | Full call number | Barcode | Date last seen | Copy number | Price effective from | Koha item type |
|---|---|---|---|---|---|---|---|---|---|---|---|---|---|---|---|
| Dewey Decimal Classification | London | London | Journal article | 27/10/2004 | ABS68303 | 127835-1001 | 06/08/2019 | 1 | 06/08/2019 | Journal article |